V encuentro de los pueblos de América y el Caribe /
Gorde:
| Egile nagusia: | |
|---|---|
| Formatua: | Texto |
| Etiketak: |
Etiketa erantsi
Etiketarik gabe, Izan zaitez lehena erregistro honi etiketa jartzen!
|
MARC
| LEADER | 00000 a a2200000 04500 | ||
|---|---|---|---|
| 001 | 46002 | ||
| 003 | |||
| 040 | |a CRAI/IIS |c CRAI/IIS | ||
| 100 | |a Fernández Ampié, Guillermo | ||
| 245 | |a V encuentro de los pueblos de América y el Caribe / |c Guillermo Fernández Ampié | ||
| 773 | |g volumen15, número388 (1995), páginas 17-24 : fotos | ||
| 999 | |c 18542 |d 18542 | ||
